10 Longest Coastlines Quiz Stats

Quiz Updated Dec 23, 2014

Challenge
Share
Tweet
Embed
Score 0/10 Timer 01:00
6 Plays Today
% Correct
Australia
93.7%
United States of America
92.6%
Canada
89.1%
Russia
81.9%
Indonesia
73.6%
Philippines
60.4%
Denmark
45.9%
Japan
45.9%
Norway
43.4%
New Zealand
38.4%

You're not logged in!

Compare scores with friends on all Sporcle quizzes.
Sign Up with Email
OR
Log In

You Might Also Like...

Show Comments

Extras

Top Quizzes Today


Score Distribution

Your Account Isn't Verified!

In order to create a playlist on Sporcle, you need to verify the email address you used during registration. Go to your Sporcle Settings to finish the process.